LEADER 02990nam 2200613 a 450 001 9910453818103321 005 20200520144314.0 010 $a1-62100-480-5 035 $a(CKB)2550000001043371 035 $a(EBL)3021455 035 $a(SSID)ssj0000875680 035 $a(PQKBManifestationID)12387277 035 $a(PQKBTitleCode)TC0000875680 035 $a(PQKBWorkID)10890510 035 $a(PQKB)11284032 035 $a(MiAaPQ)EBC3021455 035 $a(Au-PeEL)EBL3021455 035 $a(CaPaEBR)ebr10683113 035 $a(OCoLC)831669892 035 $a(EXLCZ)992550000001043371 100 $a20110812d2012 uy 0 101 0 $aeng 135 $aur|n|---||||| 181 $ctxt 182 $cc 183 $acr 200 00$aOn-farm strategies to control foodborne pathogens$b[electronic resource] /$fTodd R. Callaway and Tom S. Edrington, editors 210 $aHauppauge, N.Y. $cNova Science Publishers, Inc.$dc2012 215 $a1 online resource (303 p.) 225 1 $aAdvances in food safety and food microbiology 300 $aDescription based upon print version of record. 311 $a1-62100-411-2 320 $aIncludes bibliographical references and index. 327 $aPre-harvest food safety : the past and the future / Mary E. Torrence -- Ethics and preharvest safety / Bernie Rollin -- Interventions to improve the safety of milk production / Steve P. Oliver, Sheldon E. Murinda -- Bacteriohage as a preharvest pathogen reduction strategy / Kim Stanford, Dongyan Niu, and Tim McAllister -- Probiotics in food production / Steve Ricke and Phil Crandall -- Vaccination as a method of E. coli O157:H7 reduction in feedlot cattle / David R. Smith and Amanda R. Vogstad -- Vaccination as a method of reducing foodborne pathogens in swine / Filip Boyen, Frank Pasmans, and Freddy Haesebrouck -- Phytochemicals as a preharvest pathogen reduction strategy / Jeff A. Carroll ... [et al.] -- Organic acids and their role in reduce foodborne pathogens in food animals / Ester Grilli and Andrea Piva -- Stress effects on pathogen colonization of farm animals / Marcos H. Rostagno -- The role of the lesser mealworms in dissemination of pathogens and antimicrobial resistance on poultry farms / Tawni L. Crippen and Toni L. Poole. 410 0$aAdvances in food safety and food microbiology. 606 $aFoodborne diseases 606 $aAgriculture 606 $aDomestic animals$xMicrobiology 606 $aFood$xMicrobiology 608 $aElectronic books. 615 0$aFoodborne diseases. 615 0$aAgriculture. 615 0$aDomestic animals$xMicrobiology. 615 0$aFood$xMicrobiology. 676 $a615.9/54 701 $aCallaway$b Todd Riley$f1971-$0912729 701 $aEdrington$b Tom S$0912730 801 0$bMiAaPQ 801 1$bMiAaPQ 801 2$bMiAaPQ 906 $aBOOK 912 $a9910453818103321 996 $aOn-farm strategies to control foodborne pathogens$92044064 997 $aUNINA LEADER 03521nam 2200565Ia 450 001 9910455399103321 005 20200520144314.0 010 $a0-674-03814-2 024 7 $a10.4159/9780674038141 035 $a(CKB)1000000000787127 035 $a(StDuBDS)AH23050723 035 $a(SSID)ssj0000219508 035 $a(PQKBManifestationID)11175844 035 $a(PQKBTitleCode)TC0000219508 035 $a(PQKBWorkID)10229447 035 $a(PQKB)11006252 035 $a(MiAaPQ)EBC3300422 035 $a(Au-PeEL)EBL3300422 035 $a(CaPaEBR)ebr10318415 035 $a(OCoLC)923110589 035 $a(DE-B1597)574416 035 $a(DE-B1597)9780674038141 035 $a(EXLCZ)991000000000787127 100 $a19970423d1997 uy 0 101 0 $aeng 135 $aur||||||||||| 181 $ctxt 182 $cc 183 $acr 200 10$aPeople of the book$b[electronic resource] $ecanon, meaning, and authority /$fMoshe Halbertal 210 $aCambridge, MA $cHarvard University Press$d1997 215 $a1 online resource (256p.) 300 $aBibliographic Level Mode of Issuance: Monograph 311 $a0-674-66112-5 320 $aIncludes bibliographical references (p. [145]-179) and index. 327 $tFrontmatter -- $tAcknowledgments -- $tContents -- $tIntroduction: Canonical Text and Text-Centered Community -- $t1 Canon and Meaning -- $t2 Authority, Controversy, and Tradition -- $t3 Canon and Curriculum -- $tConclusion -- $tAppendix: The Sovereign and the Canon -- $tNotes -- $tIndex 330 $aPeople of the Book offers an introduction to Jewish hermeneutics, and conveys the importance of the tradition to both general and academic readers. 330 $bWhile Scripture is at the centre of many religions, among them Islam and Christianity, this book inquires into the function, development, and implications of the centrality of text upon the Jewish community, and by extension on the larger question of canonization and the text-centered community. It is a commonplace to note how the landless and scattered Jewish communities have, from the time of the destruction of the Temple in Jerusalem in 70 AD until the founding of modern Israel in 1948, cleaved to the text and derived their identity from it. But the story is far more complex. The shift from the Bible to the Torah, from biblical religion to rabbinic Judaism mediated by the Sages, and the sealing of the canon together with its continuing interpretive work demanded from the community, amount to what could be called an unparalleled obsession with textuality. Halbertal gives us insights into the history of this obsession, in his narrative.;The book offers an introduction to Jewish hermeneutics, and aims to convey the importance of the tradition to a wide audience of both academic and general readers. Halbertal provides a panoramic survey of Jewish attitudes toward Scripture, organized around problems of normative and formative authority, with an emphasis on the changing status and functions of Mishnah, Talmud, and Kabbalah. Weaving complex issues of interpretation into his own plot, he animates ancient texts by assigning them roles in his own narrative. 606 $aTheology 608 $aElectronic books. 615 0$aTheology. 676 $a221.6 700 $aHalbertal$b Moshe$0764566 801 0$bMiAaPQ 801 1$bMiAaPQ 801 2$bMiAaPQ 906 $aBOOK 912 $a9910455399103321 996 $aPeople of the book$92285026 997 $aUNINA LEADER 01927nam0 2200469 i 450 001 MIL0175739 005 20251003044227.0 010 $a8808141926 020 $aIT$b94-2997 100 $a19971014d1993 ||||0itac50 ba 101 | $aita 102 $ait 181 1$6z01$ai $bxxxe 182 1$6z01$an 183 1$6z01$anc$2RDAcarrier 200 1 $aˆLa ‰forma delle piante$eguida illustrata alla morfologia delle angiosperme$fAdrian D. Bell$gi disegni al tratto sono di Alan Bryan 210 $aBologna$cZanichelli$d1993 215 $aXII, 337 p.$cill.$d17x24 cm 300 $aTrad. di Francesco Bracco, rev. di Antonio Visoną. 500 10$aPlant form.$3MIL0175742$9MILV036938$920057 606 $aAngiosperme$xMorfologia$2FIR$3CFIC068208$9E 676 $a581.4$9$v21 676 $a582.13$9PIANTE NOTE PER I LORO FIORI$v21 676 $a582.1304$9ANATOMIA E MORFOLOGIA DELLE PIANTE DA FRUTTO ERBACEE$v20 676 $a582.13044$9SPERMATOFITE. PIANTE DA FIORI ERBACEE. ANATOMIA E MORFOLOGIA$v19 676 $a582.13044$9Anatomia e morfologia delle piante da frutto erbacee$v21 696 $aMagnoliofite$aMagnoliophyta$aAngiospermae$aMorfologia $aMorfologia grammaticale 699 $aAngiosperme$yMagnoliofite 699 $aAngiosperme$yMagnoliophyta 699 $aAngiosperme$yAngiospermae 699 $aMorfologia$yMorfologia 699 $aMorfologia$yMorfologia grammaticale 700 1$aBell$b, Adrian D.$3MILV036938$4070$077218 702 1$aBryan$b, Alan$3MILV036939 801 3$aIT$bIT-000000$c19971014 850 $aIT-BN0095 901 $bNAP 01$cSALA $n$ 912 $aMIL0175739 950 0$aBiblioteca Centralizzata di Ateneo$d 01SALA 582.13 BEL fo$e 0104 0000023405 VMA $fY $h20121129$i20121129 977 $a 01 996 $aPlant form$920057 997 $aUNISANNIO